Conatainer Gardening : flowers and foliage in pots, tub and baskets

Bibliographic Details
Main Author: Toogood, Alan
Format: Book
Published: London : The Apple Press , 1991
Subjects:

MARC

LEADER 00000cam a2200000 7i4500
001 0000008577
002 000009347
005 20000330.0
020 |a 1850762783 
090 0 0 |a 635.986   |b TOO 
100 1 |a Toogood, Alan 
245 1 0 |a Conatainer Gardening :   |b flowers and foliage in pots, tub and baskets   |c Alan Toogood 
260 |a London :   |b The Apple Press ,   |c 1991 
300 |a 96p. :   |b ill. ;   |c 27cm. 
650 0 0 |a Container gardening 
999 |a 024341   |b BUKU   |c PINJAMAN   |e PERPUSTAKAAN KOMUNITI PETALING JAYA